000 00300nam a2200121Ia 4500
008 220204s9999 xx 000 0 und d
082 _a633.61
_bKAK
100 _aKAKDE, J R
245 0 _aSugarcane production.
260 _aDelhi
_bMetropolitan
_c1985
650 _aSugarcane cultivation
942 _cBK
999 _c39085
_d39085